| 000 | 01193nam0a22002531 4500 | ||
|---|---|---|---|
| 001 | rc\581441 | ||
| 005 | 20260407142233.0 | ||
| 035 | _a(NLR Aleph) 005829074 | ||
| 090 |
_a5560688 _c5560688 |
||
| 100 | _a20031121d1988 |||y0rusy50 ca | ||
| 101 | 0 | _arus | |
| 102 | _aRU | ||
| 105 | _ay ||||||||| | ||
| 200 | 1 |
_aНОРМАТИВНАЯ база сельского строительства _eНормативные показатели стоимости, трудозатрат и расхода материалов _fАгропром. ком. Моск. обл., Моск. гос. н.-и. и проект. ин-т по сел. стр-ву МосгипроНИИсельстрой |
|
| 210 |
_aМ. _cБ. и. _d1988 |
||
| 215 |
_a58 с. _d30 |
||
| 300 | _aОписано по обл. На тит. л. только подзаг. | ||
| 500 | 1 | 0 | _aНормативные показатели стоимости, трудозатрат и расхода материалов |
| 712 | 0 | 2 |
_a"МосгипроНИИсельстрой", институт _3RU\NLR\AUTH\8810011781 _9521284 |
| 801 | 0 |
_aRU _bNLR _gpsbo |
|
| 801 | 1 |
_aRU _bELAR _2rusmarc |
|
| 852 |
_aNLR _j88-8/2180 |
||
| 942 | _cBOOK | ||
| 980 | _aNB | ||